| 000 | 01034cab a2200253 4500 | ||
|---|---|---|---|
| 001 | WB3110-52 | ||
| 008 | 090401t1995 xxu||||| |||| 00| 0 eng d | ||
| 035 | _a(Sirsi) u22832 | ||
| 041 | _aeng | ||
| 245 | _aRICS Farmland Price Index and Survey | ||
| 260 | _c1995 | ||
| 350 | _a0 | ||
| 490 |
_aRICS Press Release _v(PR19/95RURAL) 9 March 1995 (2) |
||
| 520 | _aThe RICS is to publish quarterly a Farmland Price Index and Survey, replacing CALP, stopped by ADAS. The index will provide up to date and topical information on rural property market activity, provided by chartered surveyors, and will eventually cover the 18 months currently uncharted between the ending of CALP and the beginning of the RICS index. | ||
| 650 | _aADAS | ||
| 650 | _aCENTRE FOR RURAL STUDIES | ||
| 650 | _aCURRENT AGRICULTURAL LAND PRICE SERIES | ||
| 650 | _aFARMLAND PRICE INDEX | ||
| 650 | _aRICS FARMLAND PRICE INDEX AND SURVEY | ||
| 650 | _aROYAL AGRICULTURAL COLLEGE | ||
| 690 | _aRURAL PRACTICE | ||
| 942 | _n0 | ||
| 948 | _c04/03/1997 | ||
| 999 |
_c15309 _d15309 |
||